| 000 | 00387 a2200109 4500 | ||
|---|---|---|---|
| 001 | ART_4837 | ||
| 005 | 20260410161825.0 | ||
| 008 | 260409a | ||
| 245 | 1 | 0 | _aAlternativa del cambio de la seguridad social en los países en desarrollo |
| 100 | 1 | _aMoles, Ricardo R. | |
| 773 | 0 |
_tRevista de trabajo _gTemas de seguridad social - Año 3, Nº 9 (ene./mar. 1996) _wREV4713 |
|
| 999 |
_c22689 _d22689 |
||